The Divine Comedy Albums - Statistics

General Stats
  • This quiz has been taken 46 times
  • The average score is 9 of 11
Answer Stats
Year of Release Album Title % Correct
2004 Absent Friends
95%
1996 Casanova
95%
2016 Foreverland
92%
2019 Office Politics
89%
1993 Liberation
84%
2001 Regeneration
84%
2006 Victory For The Comic Muse
84%
2010 Bang Goes The Knighthood
82%
1994 Promenade
82%
1997 A Short Album About Love
79%
1998 Fin De Siecle
79%
No matching quizzes found
Score Distribution
Percent of People with Each Score
Percentile by Number Answered
Your Score History
You have not taken this quiz